000 00990cam a22002535i 4500
001 18246650
005 20250224105847.0
008 140730s2014 enk b 001 0 eng
010 _a 2014947221
020 _a1783478691
_q(pbk.)
020 _a9781783478699
_q(pbk.)
020 _a1783478675
_q(Cloth)
020 _a9781783478675
_q(Cloth)
040 _aDLC
_beng
_erda
_cDLC
_dDLC
050 0 0 _aMLCM 2018/49875 (H)
100 1 _aCzarniawska-Joerges, Barbara.,
_eauthor.
_95404
245 1 2 _aA theory of organising /
_cBarbara Czarniawska, Torsten and Ragnar Söderberg Professor of Mangament Studies, GRI, School of Business, Economics and Law, University of Gothenburg, Sweden.
250 _aSecond edition.
260 1 _aCheltenham, UK :
_bEdward Elgar,
_c2014.
300 _a192 pages :
_billustrations ;
_c24 cm
500 _aMinimal Level Cataloging Plus.
_5DLC
504 _aIncludes bibliographical references and index (pages 154-167)
650 0 _aOrganizational sociology.
_91286
999 _c713
_d713